Manometric Techniques /
Đã lưu trong:
| 主要作者: | |
|---|---|
| 其他作者: | , |
| 格式: | Sách giấy |
| 語言: | English |
| 出版: |
Minneapolis :
Burgess,
1959
|
| 標簽: |
添加標簽
沒有標簽, 成為第一個標記此記錄!
|
| Thư viện lưu trữ: | Thư viện Trường Đại học Đà Lạt |
|---|
| LEADER | 00611nam a2200253 4500 | ||
|---|---|---|---|
| 001 | DLU020000624 | ||
| 005 | ##12/24/1998 | ||
| 041 | # | # | |a eng |
| 082 | # | # | |a 572.8 |b UM-W |
| 100 | # | # | |a Umbreit, W. W. |
| 245 | # | # | |a Manometric Techniques / |c W. W. Umbreit, R. H. Burris, J. F. Stauffer |
| 260 | # | # | |a Minneapolis : |b Burgess, |c 1959 |
| 300 | # | # | |a III, 338 tr.; |c 29 cm. |
| 700 | # | # | |a Burris, R. H. |
| 700 | # | # | |a Stauffer, J. F. |
| 992 | # | # | |a 6000 |
| 994 | # | # | |a DLU |
| 900 | # | # | |a False |
| 911 | # | # | |a Administrator |
| 925 | # | # | |a G |
| 926 | # | # | |a A |
| 927 | # | # | |a SH |
| 980 | # | # | |a Thư viện Trường Đại học Đà Lạt |